Resumen de los trabajos hechos para la determinación del metro y kilogramo internacionales desde octubre de 1873 hasta mayo de 1875 / (Record no. 176860)

MARC details
000 -LEADER
campo de control de longitud fija 00684nam a2200181 i 4500
001 - NÚMERO DE CONTROL
campo de control 176860
003 - IDENTIFICADOR DE NÚMERO DE CONTROL
campo de control ES-MaACL
005 - FECHA Y HORA DE LA ÚLTIMA TRANSACCIÓN
campo de control 20250724075057.0
008 - DATOS DE LONGITUD FIJA--INFORMACIÓN GENERAL
campo de control de longitud fija 110215s1875 sp |||| | spa d
080 ## - NÚMERO DE LA CLASIFICACIÓN DECIMAL UNIVERSAL
Número de la Clasificación Decimal Universal 006.91
245 00 - MENCIÓN DEL TÍTULO
Título Resumen de los trabajos hechos para la determinación del metro y kilogramo internacionales desde octubre de 1873 hasta mayo de 1875 /
Mención de responsabilidad, etc. publicado por el Instituto Geográfico y Estadístico.
260 ## - PUBLICACIÓN, DISTRIBUCIÓN, ETC.
Lugar de publicación, distribución, etc. Madrid :
Nombre del editor, distribuidor, etc. [s.n.],
Fecha de publicación, distribución, etc. 1875 (
Fabricante Imp. Aribau)
300 ## - DESCRIPCIÓN FÍSICA
Extensión 80 p. ;
Dimensiones 26 cm.
650 17 - PUNTO DE ACCESO ADICIONAL DE MATERIA--TÉRMINO DE MATERIA
Término de materia o nombre geográfico como elemento de entrada Pesos y medidas
Fuente del encabezamiento o término embne
9 (RLIN) 136691
710 2# - ENTRADA AGREGADA--NOMBRE DE ENTIDAD CORPORATIVA
Nombre de entidad corporativa o nombre de jurisdicción como elemento de entrada Instituto Geográfico y Estadístico (España)
9 (RLIN) 3892
852 ## - LOCALIZACIÓN
Ubicación ES-MaACL
Número de control de estantería T-175-F-5
Holdings
Estatus retirado Estado de pérdida Estado de daño No para préstamo Colección Biblioteca de origen Biblioteca actual Ubicación en estantería Fecha de adquisición Total de préstamos Signatura topográfica completa Código de barras Visto por última vez Precio de reemplazo Tipo de ítem Koha
        Colección de folletos Biblioteca del Ateneo de Madrid Biblioteca del Ateneo de Madrid Depósito folletos 15/02/2011   T-175-F-5 1185755 23/02/2023 23/02/2023 Folleto